00448nam a2200157Ia 450000500170000000800410001708200130005810000200007124500180009126000340010930000120014365000150015594200060017095200990017699900150027520250508072011.0240331s9999 xx 000 0 und d bTHAa891 aThamaraichelvi, 0aVerlvith thee aJaffnabMeera Veliyeeduc1994 a31 p ., aKuru Novel cL 001040708LaWERCLbWERCLcSSCd2024-03-31l0o 894.811 THAp2311r2024-03-31w2024-03-31yL c4306d4306